000 01525ntm a2200253 4500
001 36438
003 BD-RjUL
005 20211209052503.0
008 140624s2012 bg ||||| |||| 00| 0 ben d
035 _a(BD-RjUL)36537
040 _aBD-RjUL
_bben
_cBD-RjUL
_dBD-RjUL
041 _aben
082 _221
_a297.61092
_bBAM 2012
100 _aবারী, মো. আ.
_9111451
245 _aমুফতী মুহাম্মদ শফী (র.) :
_bধর্মতত্ত্বে তাঁর অবদান /
_cমো. আ. বারী ;
_6সুপারভাইজার : মোহাম্মদ ছবিরুল ইসলাম হাওলাদার ।
260 _aরাজশাহী :
_bআরবী বিভাগ, রাজশাহী বিশ্ববিদ্যালয়,
_c২১১২
300 _aviii, ৩১৫ পাতা ;
_c২৯সমি.
502 _aথিসিস (পিএইচ. ডি.)--আরবী বিভাগ, রাজশাহী বিশ্ববিদ্যালয়, ২১১২.
504 _aগ্রন্থপঞ্জি: পাতা [২৯৯]-৩১৫
600 _aশফী, মুহাম্মদ
_cমুফতী
_d১৩১৪-১৩৯৬ হিজরী
_xজীবনী
_9119225
600 _aShofi, Muhammad
_cMufti
_d1314-1396 Hijri
_xBiography
_9119226
700 _aহাওলাদার, মোহাম্মদ ছবিরুল ইসলাম, সুপারভাইজার ।
_9111456
942 _2ddc
_cTHE
999 _c36438
_d36438